<?xml version="1.0" encoding="UTF-8"?>
<record
    xmlns:xsi="http://www.w3.org/2001/XMLSchema-instance"
    xsi:schemaLocation="http://www.loc.gov/MARC21/slim http://www.loc.gov/standards/marcxml/schema/MARC21slim.xsd"
    xmlns="http://www.loc.gov/MARC21/slim">

  <leader>03367    a2200241   4500</leader>
  <controlfield tag="001">40592</controlfield>
  <controlfield tag="005">20260407155701.0</controlfield>
  <controlfield tag="008">260407a1988    arg                 spa d</controlfield>
  <controlfield tag="003">AR-UNSa-BCEJYS</controlfield>
  <datafield tag="040" ind1=" " ind2=" ">
    <subfield code="a">AR-UNSa-BCEJYS</subfield>
    <subfield code="b">spa</subfield>
    <subfield code="c">AR-UNSa-BCEJYS</subfield>
  </datafield>
  <datafield tag="080" ind1=" " ind2=" ">
    <subfield code="a">1(09)</subfield>
    <subfield code="x">Historia de la Filosof&#xED;a</subfield>
  </datafield>
  <datafield tag="245" ind1="1" ind2="0">
    <subfield code="a">Historia del pensamiento filos&#xF3;fico y cient&#xED;fico</subfield>
  </datafield>
  <datafield tag="020" ind1=" " ind2=" ">
    <subfield code="a">978-84-254-1587-6</subfield>
  </datafield>
  <datafield tag="264" ind1=" " ind2="1">
    <subfield code="a">Barcelona :</subfield>
    <subfield code="b">Herder</subfield>
    <subfield code="c">1988</subfield>
  </datafield>
  <datafield tag="300" ind1=" " ind2=" ">
    <subfield code="a">3 v. (618; 822; 1015 p.)</subfield>
    <subfield code="c">24 cm.</subfield>
  </datafield>
  <datafield tag="505" ind1=" " ind2=" ">
    <subfield code="a">Vol I. ANTIG&#xDC;EDAD Y EDAD MEDIA: 1. Los or&#xED;genes griegos del pensamiento occidental - 2. La aparici&#xF3;n del pensamiento filos&#xF3;fico - 3. El descubrimiento del hombre: Los sofistas, S&#xF3;crates y los socr&#xE1;ticos, y la medicina hipocr&#xE1;tica - 4. Plat&#xF3;n y el horizonte de la metaf&#xED;sica - 5. Arist&#xF3;teles y la primera sistematizaci&#xF3;n occidental del saber - 6. Las escuelas filos&#xF3;ficas de la &#xE9;poca helen&#xED;stica: Cinismo, epicure&#xED;smo, estoicismo, escepticismo, eclecticismo y el gran florecimiento de las ciencias particulares - 7. La evoluci&#xF3;n final de la filosof&#xED;a antigua: Las escuelas de la &#xE9;poca imperial, Plotino y el neoplatonismo, y los &#xFA;ltimos avances de la ciencia antigua - 8. La revoluci&#xF3;n espiritual del mensaje b&#xED;blico - 9. La patr&#xED;stica: La elaboraci&#xF3;n del mensaje b&#xED;blico y el filosofar desde la fe - 10. G&#xE9;nesis, desarrollo y declive de la escol&#xE1;stica: Raz&#xF3;n y fe en la Edad Media. -- Vol II. DEL HUMANISMO A KANT: 1. El humanismo y el Renacimiento - 2. Las cumbres y los resultados finales del pensamiento renacentista - 3. La revoluci&#xF3;n cient&#xED;fica - 4. Bacon y Descartes: La evoluci&#xF3;n social y te&#xF3;rica del pensamiento filos&#xF3;fico ante la revoluci&#xF3;n cient&#xED;fica - 5. Las grandes construcciones metaf&#xED;sicas del racionalismo: El ocasionalismo, Spinoza y Leibniz - 6. La evoluci&#xF3;n del empirismo - 7. Pascal y Vico, dos pensadores at&#xED;picos de la &#xE9;poca moderna - 8. La raz&#xF3;n en la cultura ilustrada - 9. La evoluci&#xF3;n de la raz&#xF3;n ilustrada en Francia, Inglaterra, Alemania e Italia - 10. Kant y la fundaci&#xF3;n de la filosof&#xED;a trascendental -- Vol III. DEL ROMANTICISMO HASTA HOY: 1. El movimiento rom&#xE1;ntico y la formaci&#xF3;n del Idealismo - 2. El Idealismo absoluto de Hegel - 3. Del hegelianismo al marxismo: Derecha e izquierda hegeliana. Nacimiento y desarrollo del marxismo - 4. Los grandes impugnadores del sistema hegeliano: Herbart, Trendelenburg, Schopenhauer, Kierkegaard - 5. La filosof&#xED;a en Francia durante la restauraci&#xF3;n y la filosof&#xED;a italiana en la &#xE9;poca del "risorgimiento" - 6. El positivismo - 7. El desarrollo de las ciencias en el siglo XIX, el empiriocriticismo y el convencionalismo - 8. La filosof&#xED;a desde el siglo XIX al siglo XX - 9. Fenomenolog&#xED;a, existencialismo, hermen&#xE9;utica - 10. Beltrand Russell, Ludwig Wittgenstein y la filosof&#xED;a del lenguaje - 11. Espiritualismo, personalismo, nuevas teolog&#xED;as y neoescol&#xE1;stica - 12. El marxismo despu&#xE9;s de Marx y la escuela de Francfort - 13. Las ciencias humanas en el siglo XX. Freud y el psicoan&#xE1;lisis. El estructuralismo - 14. El desarrollo de la ciencia y las teor&#xED;as epistemol&#xF3;gicas en el siglo XX</subfield>
  </datafield>
  <datafield tag="041" ind1=" " ind2=" ">
    <subfield code="a">spa</subfield>
  </datafield>
  <datafield tag="942" ind1=" " ind2=" ">
    <subfield code="c">BK</subfield>
  </datafield>
  <datafield tag="590" ind1=" " ind2=" ">
    <subfield code="a">niveau_biblio:m niveau_hierar:0</subfield>
  </datafield>
  <datafield tag="100" ind1="1" ind2=" ">
    <subfield code="a">Reale, Giovanni</subfield>
  </datafield>
  <datafield tag="700" ind1="1" ind2=" ">
    <subfield code="a">Antiseri, Dario</subfield>
  </datafield>
  <datafield tag="856" ind1="4" ind2="1">
    <subfield code="u">https://biblioeco.unsa.edu.ar/pmb/images/libros/L126189.jpg</subfield>
    <subfield code="y">Imagen de portada</subfield>
    <subfield code="q">image/jpeg</subfield>
  </datafield>
  <datafield tag="999" ind1=" " ind2=" ">
    <subfield code="c">3258</subfield>
    <subfield code="d">3258</subfield>
  </datafield>
  <datafield tag="952" ind1=" " ind2=" ">
    <subfield code="0">0</subfield>
    <subfield code="1">0</subfield>
    <subfield code="4">0</subfield>
    <subfield code="7">0</subfield>
    <subfield code="a">BCEJYS</subfield>
    <subfield code="b">BCEJYS</subfield>
    <subfield code="c">16</subfield>
    <subfield code="d">2026-04-07</subfield>
    <subfield code="l">0</subfield>
    <subfield code="o">1(09) R288 v.1</subfield>
    <subfield code="p">L126189</subfield>
    <subfield code="r">2026-04-07 15:57:01</subfield>
    <subfield code="w">2026-04-07</subfield>
    <subfield code="y">L</subfield>
  </datafield>
  <datafield tag="952" ind1=" " ind2=" ">
    <subfield code="0">0</subfield>
    <subfield code="1">0</subfield>
    <subfield code="4">0</subfield>
    <subfield code="7">0</subfield>
    <subfield code="a">BCEJYS</subfield>
    <subfield code="b">BCEJYS</subfield>
    <subfield code="c">16</subfield>
    <subfield code="d">2026-04-07</subfield>
    <subfield code="l">0</subfield>
    <subfield code="o">1(09) R288 v.2</subfield>
    <subfield code="p">L126191</subfield>
    <subfield code="r">2026-04-07 15:57:01</subfield>
    <subfield code="w">2026-04-07</subfield>
    <subfield code="y">L</subfield>
  </datafield>
  <datafield tag="952" ind1=" " ind2=" ">
    <subfield code="0">0</subfield>
    <subfield code="1">0</subfield>
    <subfield code="4">0</subfield>
    <subfield code="7">0</subfield>
    <subfield code="a">BCEJYS</subfield>
    <subfield code="b">BCEJYS</subfield>
    <subfield code="c">16</subfield>
    <subfield code="d">2026-04-07</subfield>
    <subfield code="l">0</subfield>
    <subfield code="o">1(09) R288 v.3</subfield>
    <subfield code="p">L126193</subfield>
    <subfield code="r">2026-04-07 15:57:01</subfield>
    <subfield code="w">2026-04-07</subfield>
    <subfield code="y">L</subfield>
  </datafield>
  <datafield tag="952" ind1=" " ind2=" ">
    <subfield code="0">0</subfield>
    <subfield code="1">0</subfield>
    <subfield code="4">0</subfield>
    <subfield code="7">0</subfield>
    <subfield code="a">BCEJYS</subfield>
    <subfield code="b">BCEJYS</subfield>
    <subfield code="c">16</subfield>
    <subfield code="d">2026-04-07</subfield>
    <subfield code="l">0</subfield>
    <subfield code="o">1(09) R288 v.1</subfield>
    <subfield code="p">L126190</subfield>
    <subfield code="r">2026-04-07 15:57:01</subfield>
    <subfield code="w">2026-04-07</subfield>
    <subfield code="y">L</subfield>
  </datafield>
  <datafield tag="952" ind1=" " ind2=" ">
    <subfield code="0">0</subfield>
    <subfield code="1">0</subfield>
    <subfield code="4">0</subfield>
    <subfield code="7">0</subfield>
    <subfield code="a">BCEJYS</subfield>
    <subfield code="b">BCEJYS</subfield>
    <subfield code="c">16</subfield>
    <subfield code="d">2026-04-07</subfield>
    <subfield code="l">0</subfield>
    <subfield code="o">1(09) R288 v.2</subfield>
    <subfield code="p">L126192</subfield>
    <subfield code="r">2026-04-07 15:57:01</subfield>
    <subfield code="w">2026-04-07</subfield>
    <subfield code="y">L</subfield>
  </datafield>
  <datafield tag="952" ind1=" " ind2=" ">
    <subfield code="0">0</subfield>
    <subfield code="1">0</subfield>
    <subfield code="4">0</subfield>
    <subfield code="7">0</subfield>
    <subfield code="a">BCEJYS</subfield>
    <subfield code="b">BCEJYS</subfield>
    <subfield code="c">16</subfield>
    <subfield code="d">2026-04-07</subfield>
    <subfield code="l">0</subfield>
    <subfield code="o">1(09) R288 v.3</subfield>
    <subfield code="p">L126194</subfield>
    <subfield code="r">2026-04-07 15:57:01</subfield>
    <subfield code="w">2026-04-07</subfield>
    <subfield code="y">L</subfield>
  </datafield>
</record>
